Statistiques concernant Culture Générale - Série 1410

Cliquez ici pour prendre le quiz!

Statistiques générales

  • Ce quiz a été pris 74 fois
  • Le résultat moyen est 5 sur 10

Statistiques - réponses

QuestionRéponse% Correct
Quelle ville française s'appelait autrefois Massilia ?Marseille
100%
Quelle partie du corps d'un cavalier est protégée par une "bombe" ?tête
90%
Au Japon, quel drame lyrique traditionnel, développé au XIVe siècle, mêle musique, danse et poésie ?
74%
Selon les tests officiels de l'école du ski français, quelle récompense précède directement la "première étoile" ?flocon
68%
Qui interprétait Jean de Florette, dans le film du même nom, réalisé par Claude Berri en 1986 ?Gérard Depardieu
59%
De quel verbe à l'infinitif, "sursis" est-il le participe passé ?surseoir
57%
Quel est le métier de Coluche dans : "Tchao Pantin" ?pompiste
54%
Quel écrivain russe est l'auteur de “L'Éternel Mari”, publié en 1870 ?Dostoïevski
29%
Dans la série de livres "Martine" de Gilbert Delahaye et Marcel Marlier, quel est le nom du fidèle chien de l'héroïne ?Patapouf
14%
De quelle discipline sportive Édouard Martel est-il le fondateur ?spéléologie
1%

Distribution des résultats

Percentile par nombre de réponses

% des personnes avec chaque résultat

Votre développement - résultats

Vous n’avez pas pris ce quiz